000
00293nam a2200097Ia 4500
008
220204s9999 xx 000 0 und d
082
_a
NR:631.35NED
_b
RUB.15
245
0
_a
Rubber tappers' directory: Nedumangad region.
260
_a
Kottayam
_b
Rubber Research Institute of India
_c
2014
942
_c
BK
999
_c
44652
_d
44652